| 000 | 00000nam 2200000zi 4500 |
| 001 | 9.920664 |
| 003 | CaOODSP |
| 005 | 20230515121254 |
| 006 | m o d f |
| 007 | cr cn||||||||| |
| 008 | 230307t202303 onca ob f000 0 fre d |
| 020 | |a9780660479194 |
| 040 | |aCaOODSP|bfre|erda|cCaOODSP |
| 043 | |an-cn--- |
| 086 | 1 |aHP45-33/2023F-PDF |
| 245 | 00|aGestion du programme de biosécurité : |bligne directrice canadienne sur la biosécurité. |
| 246 | 13|aLigne directrice canadienne sur la biosécurité : |bgestion du programme de biosécurité |
| 264 | 1|a[Ottawa] : |bGouvernement du Canada = Government of Canada, |cMars 2023. |
| 264 | 4|a©2023 |
| 300 | |a1 ressource en ligne (viii, 66 pages) : |billustrations en couleur |
| 336 | |atexte|btxt|2rdacontent/fre |
| 337 | |ainformatique|bc|2rdamedia/fre |
| 338 | |aressource en ligne|bcr|2rdacarrier/fre |
| 500 | |aPublié aussi en anglais sous le titre : Biosafety program management : Canadian biosafety guideline. |
| 500 | |aTitre de la couverture. |
| 500 | |aPublié par: Agence de santé publique du Canada. |
| 504 | |aComprend des références bibliographiques. |
| 650 | 6|aBiosécurité|zCanada. |
| 650 | 6|aBiologie|xLaboratoires|zCanada|xSécurité|xMesures. |
| 710 | 2 |aAgence de santé publique du Canada, |eorganisme de publication. |
| 775 | 08|tBiosafety program management : |w(CaOODSP)9.920663 |
| 856 | 40|qPDF|s5.95 Mo|uhttps://publications.gc.ca/collections/collection_2023/aspc-phac/HP45-33-2023-fra.pdf |
| 856 | 4 |qHTML|sS.O.|uhttps://www.canada.ca/fr/sante-publique/services/normes-lignes-directrices-canadiennes-biosecurite/directrices/gestion-programme-biosecurite/directrice.html |
| 986 | |a220806 |